logo

Bir Sreshtho Munshi Abdur Rouf Library
Jhenaidah Cadet College

Comprehension and précis pieces for overseas students / (Record no. 8924)

MARC details
000 -LEADER
fixed length control field 00650nam a22002293a 4500
001 - CONTROL NUMBER
JCCL Control Number 8924
003 - CONTROL NUMBER IDENTIFIER
JCCL marc code BD - JhCC
005 - DATE AND TIME OF LATEST TRANSACTION
control field 20180308191400.0
008 - FIXED-LENGTH DATA ELEMENTS--GENERAL INFORMATION
fixed length control field 860101s1950 xx 000 0 und d
035 ## - SYSTEM CONTROL NUMBER
system control number (BD - JhCC)8924
040 ## - CATALOGING SOURCE
Original cataloging agency EQO
Transcribing agency EQO
Modifying agency BD-JhCC
041 ## - LANGUAGE CODE
Language code of Book eng
082 ## - DEWEY DECIMAL CLASSIFICATION NUMBER
Author mark and Year HIL 1950
Classification number 428
100 1# - MAIN ENTRY--PERSONAL NAME
Personal name Hill, L. A.
Fuller form of name (Leslie Alexander)
245 10 - TITLE STATEMENT
Title Comprehension and précis pieces for overseas students /
Remainder of title
Statement of responsibility, etc L. A. Hill
260 ## - PUBLICATION, DISTRIBUTION, ETC. (IMPRINT)
Place of publication, distribution, etc Lond. &c,
Date of publication, distribution, etc 1950
300 ## - PHYSICAL DESCRIPTION
Pagination 60 p. :
Dimensions 18 cm.
650 ## - SUBJECT ADDED ENTRY--TOPICAL TERM
Topical term or geographic name as entry element English language
General subdivision Composition and exercises
650 ## - SUBJECT ADDED ENTRY--TOPICAL TERM
Topical term or geographic name as entry element Study and teaching
Form subdivision Foreign speakers
942 ## - ADDED ENTRY ELEMENTS (KOHA)
Source of classification or shelving scheme Dewey Decimal Classification
Koha item type Books
Holdings
Source of classification or shelving scheme Damaged status Not for loan Home library Current library Shelving location Total Checkouts Full call number Barcode Date last seen Copy number Koha item type Date of accession Cost, normal purchase price
Dewey Decimal Classification     JCC Rouf Library JCC Rouf Library General Stacks   428 HIL 1950 11570 03/05/2018 C - 1 Books    
Dewey Decimal Classification     JCC Rouf Library JCC Rouf Library General Stacks   428 HIL 1950 11569 03/05/2018 C - 2 Books    
Dewey Decimal Classification     JCC Rouf Library JCC Rouf Library General Stacks   428 HIL 1950 11568 03/05/2018 C - 3 Books    
Dewey Decimal Classification     JCC Rouf Library JCC Rouf Library General Stacks   428 HIL 1950 11034 03/08/2018 C-4 Books 03/08/2018  
Dewey Decimal Classification     JCC Rouf Library JCC Rouf Library General Stacks   428 HIL 1950 11033 03/08/2018 C-5 Books 03/08/2018 2.50

JCC Library | Contacts | JCC Home

Last Update on 23 September 2017
Copyright @ 2017-2020 JCC Rouf Library
Rouf Library, Jhenidah Cadet College (JCC), Bangladesh